<?xml version="1.0" encoding="UTF-8"?>
<record
    xmlns:xsi="http://www.w3.org/2001/XMLSchema-instance"
    xsi:schemaLocation="http://www.loc.gov/MARC21/slim http://www.loc.gov/standards/marcxml/schema/MARC21slim.xsd"
    xmlns="http://www.loc.gov/MARC21/slim">

  <leader>01242nam a2200349 a 4500</leader>
  <controlfield tag="001">000108850</controlfield>
  <controlfield tag="003">CHAP</controlfield>
  <controlfield tag="005">20220329144026.0</controlfield>
  <controlfield tag="008">140317s2013    mx      sm   |||||||spa d</controlfield>
  <datafield tag="010" ind1=" " ind2=" ">
    <subfield code="a">105312</subfield>
  </datafield>
  <datafield tag="011" ind1=" " ind2=" ">
    <subfield code="a">106284</subfield>
  </datafield>
  <datafield tag="040" ind1=" " ind2=" ">
    <subfield code="c">CHAP</subfield>
  </datafield>
  <datafield tag="090" ind1=" " ind2=" ">
    <subfield code="a">Tesis</subfield>
  </datafield>
  <datafield tag="100" ind1="1" ind2=" ">
    <subfield code="a">Ju&#xE1;rez Monta&#xF1;o, Janury Esmeralda</subfield>
    <subfield code="9">125901</subfield>
  </datafield>
  <datafield tag="245" ind1="1" ind2="0">
    <subfield code="a">Principales tendencias y comportamiento del consumo de carne en M&#xE9;xico, observandas en el a&#xF1;o 2011</subfield>
    <subfield code="h">[En l&#xED;nea]</subfield>
    <subfield code="c">por Yanury Esmeralda Ju&#xE1;rez Monta&#xF1;o.</subfield>
  </datafield>
  <datafield tag="260" ind1=" " ind2=" ">
    <subfield code="a">Chapingo, M&#xE9;x. :</subfield>
    <subfield code="b">El autor,</subfield>
    <subfield code="c">2013.</subfield>
  </datafield>
  <datafield tag="500" ind1=" " ind2=" ">
    <subfield code="a">Para ver el contenido del material haga clic en la liga</subfield>
  </datafield>
  <datafield tag="502" ind1=" " ind2=" ">
    <subfield code="a">Tesis (Ing. Agr. Esp. en Zootecnia) -- UACH. Zootecnia</subfield>
  </datafield>
  <datafield tag="590" ind1=" " ind2=" ">
    <subfield code="a">BATCH-UPD</subfield>
    <subfield code="b">05</subfield>
    <subfield code="c">20140324</subfield>
    <subfield code="l">UCH01</subfield>
    <subfield code="h">1536</subfield>
  </datafield>
  <datafield tag="590" ind1=" " ind2=" ">
    <subfield code="a">BATCH-UPD</subfield>
    <subfield code="b">05</subfield>
    <subfield code="c">20141002</subfield>
    <subfield code="l">UCH01</subfield>
    <subfield code="h">0858</subfield>
  </datafield>
  <datafield tag="590" ind1=" " ind2=" ">
    <subfield code="a">E5765TAJ</subfield>
    <subfield code="b">05</subfield>
    <subfield code="c">20140317</subfield>
    <subfield code="l">UCH01</subfield>
    <subfield code="h">0837</subfield>
  </datafield>
  <datafield tag="590" ind1=" " ind2=" ">
    <subfield code="a">E5765TAJ</subfield>
    <subfield code="b">05</subfield>
    <subfield code="c">20140317</subfield>
    <subfield code="l">UCH01</subfield>
    <subfield code="h">0838</subfield>
  </datafield>
  <datafield tag="650" ind1="1" ind2="4">
    <subfield code="a">Carne de aves.</subfield>
    <subfield code="9">19114</subfield>
  </datafield>
  <datafield tag="650" ind1="1" ind2="4">
    <subfield code="a">Carne de cerdo.</subfield>
    <subfield code="9">19136</subfield>
  </datafield>
  <datafield tag="650" ind1="1" ind2="4">
    <subfield code="a">Carne de res.</subfield>
    <subfield code="9">19190</subfield>
  </datafield>
  <datafield tag="650" ind1="1" ind2="4">
    <subfield code="a">Carne</subfield>
    <subfield code="x">Calidad.</subfield>
    <subfield code="9">19064</subfield>
  </datafield>
  <datafield tag="650" ind1="1" ind2="4">
    <subfield code="a">Carne</subfield>
    <subfield code="x">Consumo</subfield>
    <subfield code="x">M&#xE9;xico.</subfield>
    <subfield code="9">19068</subfield>
  </datafield>
  <datafield tag="856" ind1=" " ind2=" ">
    <subfield code="a">Finding aid</subfield>
    <subfield code="u">http://10.13.5.2/tesis/sist108850.pdf</subfield>
    <subfield code="z">Teclea aqu&#xED;</subfield>
  </datafield>
  <datafield tag="901" ind1=" " ind2=" ">
    <subfield code="a">BK</subfield>
  </datafield>
  <datafield tag="942" ind1=" " ind2=" ">
    <subfield code="c">TESIS</subfield>
  </datafield>
  <datafield tag="942" ind1=" " ind2=" ">
    <subfield code="n">0</subfield>
  </datafield>
  <datafield tag="999" ind1=" " ind2=" ">
    <subfield code="c">105312</subfield>
    <subfield code="d">105312</subfield>
  </datafield>
  <datafield tag="952" ind1=" " ind2=" ">
    <subfield code="0">0</subfield>
    <subfield code="1">0</subfield>
    <subfield code="4">0</subfield>
    <subfield code="5">4</subfield>
    <subfield code="7">1</subfield>
    <subfield code="8">TESIS</subfield>
    <subfield code="a">BC</subfield>
    <subfield code="b">BC</subfield>
    <subfield code="d">2014-03-17</subfield>
    <subfield code="f">TESIS</subfield>
    <subfield code="l">0</subfield>
    <subfield code="o">Tesis</subfield>
    <subfield code="p">33724002388660</subfield>
    <subfield code="r">2019-12-31 00:00:00</subfield>
    <subfield code="w">2019-12-31</subfield>
    <subfield code="y">TESIS</subfield>
    <subfield code="z">Recien adquirido</subfield>
  </datafield>
  <datafield tag="952" ind1=" " ind2=" ">
    <subfield code="0">0</subfield>
    <subfield code="1">0</subfield>
    <subfield code="2">local</subfield>
    <subfield code="4">0</subfield>
    <subfield code="5">3</subfield>
    <subfield code="7">0</subfield>
    <subfield code="8">TESIS</subfield>
    <subfield code="a">BC</subfield>
    <subfield code="b">BC</subfield>
    <subfield code="c">PA_TESIS</subfield>
    <subfield code="d">2014-03-17</subfield>
    <subfield code="f">TESIS</subfield>
    <subfield code="l">0</subfield>
    <subfield code="o">Tesis</subfield>
    <subfield code="p">33724002388702</subfield>
    <subfield code="r">2019-12-31 00:00:00</subfield>
    <subfield code="t">c.2</subfield>
    <subfield code="w">2019-12-31</subfield>
    <subfield code="y">TESIS</subfield>
  </datafield>
</record>
